Aplicaciones G.P.S
Guardat en:
| Autor principal: | |
|---|---|
| Format: | Llibre |
| Idioma: | espanyol |
| Publicat: |
Valencia
Universidad Politécnica de Valencia
1995
|
| Matèries: | |
| Etiquetes: |
Afegir etiqueta
Sense etiquetes, Sigues el primer a etiquetar aquest registre!
|
MARC
| LEADER | 00000nam a2200000 a 4500 | ||
|---|---|---|---|
| 001 | UCO4453 | ||
| 003 | CL-VaPUC | ||
| 008 | 000804e19950000SP |||||||||||||||||spa|d | ||
| 082 | 0 | 4 | |a 526 |b BEN |2 21 |
| 100 | 0 | |a Benítez Aguado, Emilio |e author |9 448979 | |
| 245 | 1 | 0 | |a Aplicaciones G.P.S |
| 300 | |a Pág. Irreg | ||
| 942 | |c BK | ||
| 945 | |d 20000804 00:00:00 |a vberengu | ||
| 260 | |a Valencia |b Universidad Politécnica de Valencia |c 1995 | ||
| 650 | 0 | |a Cartografía |9 266055 | |
| 650 | 0 | |a Fotogrametría |9 260424 | |
| 583 | |a last modification |c 20000804 00:00:00 |k Rodrigo Vera | ||
| 999 | |c 290494 |d 290492 | ||
| 952 | |0 0 |1 0 |4 0 |6 526_000000000000000_BEN_1995 |7 0 |8 A |9 339960 |a BIBING |b BIBING |d 2019-11-20 |i 3638464 |o 526 BEN 1995 |p 3638464 |r 2025-01-20 |w 2019-11-20 |y BK |k GEO | ||